000 01430nam a2200385 a 4500
001 ebr10236872
003 CaPaEBR
006 m u
007 cr cn|||||||||
008 081104s2004 enka sb 001 0 eng d
020 _z9781859574898
020 _z9781847352064
020 _z1859574890
040 _aCaPaEBR
_cCaPaEBR
035 _a(OCoLC)560577979
050 1 4 _aTS1912
_b.S58 2004eb
100 1 _aShulman, Valerie L.
245 1 0 _aTyre recycling
_h[electronic resource] /
_cValerie L. Shulman.
260 _aShrewsbury, U.K. :
_bRapra Technology,
_c2004.
300 _a134 p. :
_bill.
490 1 _aRapra review reports,
_x0889-3144 ;
_vv. 15, no. 7, 2004
490 1 _aReport ;
_v175
504 _aIncludes bibliographical references and indexes.
533 _aElectronic reproduction.
_bPalo Alto, Calif. :
_cebrary,
_d2011.
_nAvailable via World Wide Web.
_nAccess may be limited to ebrary affiliated libraries.
650 0 _aRubber.
650 0 _aRubber
_vAbstracts.
650 0 _aTires
_xRecycling.
650 0 _aRubber, Reclaimed.
655 7 _aElectronic books.
_2local
710 2 _aRapra Technology Limited.
710 2 _aebrary, Inc.
830 0 _aReport (Rapra Technology Limited) ;
_v175.
830 0 _aRapra review reports ;
_vv. 15, no. 7, 2004.
856 4 0 _uhttp://site.ebrary.com/lib/rucke/Doc?id=10236872
_zAn electronic book accessible through the World Wide Web; click to view
999 _c37135
_d37135